| 000 | 00587nam a22001937a 4500 | ||
|---|---|---|---|
| 999 |
_c19294 _d19294 |
||
| 003 | AR-CdUCM | ||
| 008 | 190517b ||||| |||| 00| 0 spa d | ||
| 040 |
_aMUNICIPALIDAD PROVINCIAL DEL CUSCO _cBIBLIOTECA MUNICIPAL DEL CUSCO |
||
| 082 |
_a306.440 / _bSI588 |
||
| 245 | _aSimbolismo de la recepción / | ||
| 260 |
_aBuenos Aires : _bPorter Hnos, _c1942. |
||
| 300 |
_a241 páginas ; _c18 cm. |
||
| 505 | _aContenido: Cuentos. | ||
| 650 |
_aCuentos _9217 |
||
| 650 |
_aLa masonería _940555 |
||
| 650 |
_aSistemas masonicos _940556 |
||
| 942 |
_2ddc _cLIBROS |
||
| 945 |
_adavv _d2019-05-17 |
||